Historia de la milagrosa renovación de la soberana imagen de Cristo Señor Nuestro Crucificado que se venera en la Iglesia del Convento de Santa Teresa La Antigua / escrita por el Dr. D. Alfonso Alberto de Velasco

Detalles Bibliográficos
Autor principal: Velasco, Alfonso Alberto de
Formato: Libro
Lenguaje:Spanish
Publicado: Mexico : reimpresa en papel mexicano, en la calle de la Palma, 1845.
Materias:
Colección:Banco de datos
Acervo:Seminario Conciliar de Nuestra Señora de Guadalupe Querétaro. Qro.. Biblioteca Florencio Rosas. Fondo Histórico
Descripción Física:IX, 186 p., [1] h. + [3] h. de grab. : il. ; 16 cm.
Tema general:Historia eclesiástica
Notas:Texto con signaturas. Encuadernación en piel estilo clásico. Ex libris en estampa en el verso de la tapa superior de la Biblioteca del Pbro. Pablo Camacho
LEADER 01044nam a22001930004500
035 |a 6066 
041 0 |a spa 
100 1 |a Velasco, Alfonso Alberto de 
245 1 0 |a Historia de la milagrosa renovación de la soberana imagen de Cristo Señor Nuestro Crucificado que se venera en la Iglesia del Convento de Santa Teresa La Antigua / escrita por el Dr. D. Alfonso Alberto de Velasco 
260 |a Mexico : reimpresa en papel mexicano, en la calle de la Palma, 1845.  
300 |a IX, 186 p., [1] h. + [3] h. de grab. : il. ; 16 cm.  
500 |a Texto con signaturas. Encuadernación en piel estilo clásico. Ex libris en estampa en el verso de la tapa superior de la Biblioteca del Pbro. Pablo Camacho 
504 |a Incluye índice de contenido 
610 1 4 |a Convento de Santa Teresa La Antigua (México) 
650 1 0 |a Historia eclesiástica 
949 |a Fondo Histórico: 13785 
942 |c Q.R.H.T 
943 |g Seminario Conciliar de Nuestra Señora de Guadalupe Querétaro. Qro.. Biblioteca Florencio Rosas. Fondo Histórico 
999 |c 1087521  |d 1087521